00579nam a2200145Ia 4500008004100000020001800041100001700059245008400076260002200160650001700182650010100199856004100300999001900341952007300360171212s9999 xx 000 0 und d a9781921934339 aNelson, Hank cNelson, HankaBlack, White and GoldbGoldmining in Papua New Guinea 1878–1930 bANU E Pressc2016 aAnthropology aGold mines and mining -- Papua New Guinea -- History; Gold miners -- Papua New Guinea -- History uhttp://jstor.org/stable/j.ctt1rqc9gt c351014d351014 001040aCLbCLd2017-12-12l0r2017-12-12 00:00:00w2017-12-12yCBE